NFL 200 YARD RUSHING GAMES SINCE 2010 - Statistics

General Stats
  • This quiz has been taken 138 times
    45 since last reset
  • The average score is 25 of 37
Answer Stats
Hint Answer % Correct
2022 TEN Derrick Henry
100%
2020 TEN Derrick Henry
100%
2019 TEN Derrick Henry
100%
2018 TEN Derrick Henry
100%
2024 IND Jonathan Taylor
100%
2020 IND Jonathan Taylor
100%
2024 PHI Saquon Barkley
100%
2021 MIN Dalvin Cook
97%
2020 MIN Dalvin Cook
97%
2023 MIA De'Von Achane
97%
2022 LV Josh Jacobs
97%
2015 MIN Adrian Peterson
92%
2013 MIN Adrian Peterson
92%
2012 MIN Adrian Peterson
92%
2016 PIT Le'Veon Bell
87%
2014 PIT Le'Veon Bell
87%
2018 LAR Todd Gurley
85%
2012 KC Jamaal Charles
74%
2013 PHI LeSean McCoy
74%
2019 SF Raheem Mostert
72%
2019 JAX Leonard Fournette
69%
2010 HOU Arian Foster
64%
2012 CAR DeAngelo Williams
62%
2011 DAL DeMarco Murray
62%
2016 MIA Jay Ajayi
49%
2011 BAL Ray Rice
49%
2015 TB Doug Martin
46%
2012 TB Doug Martin
46%
2011 CHI Matt Forte
44%
2012 WAS Alfred Morris
33%
2012 NYG Ahmad Bradshaw
18%
2018 NYJ Isaiah Crowell
18%
2014 NE Jonas Gray
13%
2013 DEN Knowshon Moreno
13%
2011 MIA Reggie Bush
8%
2015 SEA Thomas Rawls
8%
2011 ARI Beanie Wells
5%
No matching quizzes found
Score Distribution
Percent of People with Each Score
Percentile by Number Answered
Your Score History
You have not taken this quiz since the last reset